00271nam a2200121Ia 4500008004100000100001800041245002700059260002100086300000800107650001000115942000700125999001700132190216s9999||||xx |||||||||||||| ||und|| aMridula Sinha 0aHindi-Yayavari Ankomse bNjan Gangac2010 a222 aHindi cBK c16774d16774